| 000 | 00000nam##2200000za#4500 |
| 001 | 9.572172 |
| 003 | CaOODSP |
| 005 | 20210624183102 |
| 007 | cr ||||||||||| |
| 008 | 150406|2003||||xxc|||||o f|0| 0 eng|d |
| 040 | |aCaOODSP|beng |
| 043 | |an-cn--- |
| 086 | 1 |aPS4-11/2004E-PDF |
| 110 | 1 |aCanada. |bPublic Safety and Emergency Preparedness Canada. |
| 245 | 10|aBiidaaban : |h[electronic resource]|bthe Mnjikaning community healing model / |cby Joe Couture and Ruth Couture ; under the sponsorship of Native Counselling Services of Alberta. |
| 260 | |aOttawa - Ontario : |bPublic Safety and Emergency Preparedness Canada |c2003. |
| 300 | |a122p.|bfigs., graph, references, tables |
| 490 | 1 |aAboriginal peoples collection|vAPC 23 CA |
| 500 | |aIncorrect catalogue number (JS42-110/2002) and ISBN (0-662-66993-2) copied in this PDF edition. |
| 590 | |a11-26-Supp|b2011-11-03 |
| 710 | 2 |aNative Counselling Services of Alberta. |
| 720 | 1 |aCouture, Joe |
| 720 | 1 |aCouture, Ruth |
| 775 | 08|tBiidaaban : |w(CaOODSP)9.602583 |
| 830 | #0|aAboriginal peoples collection ;|vAPC 23 CA|w(CaOODSP)9.506615 |
| 856 | 40|ahttp://publications.gc.ca|qPDF|s1.33 MB|uhttps://publications.gc.ca/collections/Collection/PS4-11-2004E.pdf|yAPC 23 CA |